UM Logo

English: (Record no. 8429)

MARC details
000 -LEADER
fixed length control field 00557nam a2200169 4500
008 - FIXED-LENGTH DATA ELEMENTS--GENERAL INFORMATION
fixed length control field 180205b xxu||||| |||| 00| 0 eng d
020 ## - INTERNATIONAL STANDARD BOOK NUMBER
International Standard Book Number 0-15-717014-4
082 ## - DEWEY DECIMAL CLASSIFICATION NUMBER
Edition number 1985
Classification number DC 808.04219
Item number W73e
100 ## - MAIN ENTRY--PERSONAL NAME
9 (RLIN) 26101
Personal name Winterowd, W. Ross
245 ## - TITLE STATEMENT
Title English:
Remainder of title writing and skills
260 ## - PUBLICATION, DISTRIBUTION, ETC. (IMPRINT)
Place of publication, distribution, etc. San Diego:
Name of publisher, distributor, etc. Coronado Publishers,
Date of publication, distribution, etc. © 1985.
300 ## - PHYSICAL DESCRIPTION
Extent xvi,717 pages:
Other physical details color illustration;
Dimensions 23 cm.
521 ## - TARGET AUDIENCE NOTE
Target audience note Includes index.
650 #0 - SUBJECT ADDED ENTRY--TOPICAL TERM
9 (RLIN) 26102
Topical term or geographic name as entry element English language
Form subdivision Composition and exercises
700 ## - ADDED ENTRY--PERSONAL NAME
9 (RLIN) 26103
Personal name Murray, Patricia Y.
Relator term author
942 ## - ADDED ENTRY ELEMENTS (KOHA)
Source of classification or shelving scheme Dewey Decimal Classification
Koha item type Circulation
Holdings
Withdrawn status Lost status Source of classification or shelving scheme Damaged status Not for loan Collection code Home library Current library Shelving location Date acquired Source of acquisition Total Checkouts Full call number Barcode Date last seen Date last checked out Copy number Price effective from Koha item type
    Dewey Decimal Classification     Circulation UM Digos College - LIC UM Digos College - LIC Book Cart 04/10/2008 Purchased 1 DC 808.04219 W73e 1985 19485 05/15/2025 04/02/2024 1 02/05/2018 Circulation